[Event "AUTO-BEG-530"]
[Site "http://www.queenalice.com/game.php?id=1047329"]
[Date "2012.4.9"]
[Round "1"]
[White "jhwickboldt"]
[Black "yoda58"]
[Result "1-0"]
[WhiteElo "1582"]
[BlackElo "1154"]

1. e4 e5 2. Nf3 Nc6 3. d4 exd4 4. Nxd4 Ne5 5. Bf4 d6 6. c4 c5 7. Nf3 Qf6 8. Nc3
Qxf4 9. Nxe5 dxe5 10. Bd3 Nf6 11. Bc2 Be6 12. Bb3 Rd8 13. Qe2 Be7 14. Nb5 a6 15.
Nc7+ Kd7 16. Nxe6 Kxe6 17. O-O Ng4 18. g3 Qg5 19. Rad1 Qh5 20. Kg2 Rd6 21. h3
Nf6 22. Qxh5 Nxh5 23. Rd5 Rhd8 24. Rxc5 Rd2 25. Rc7 R8d7 26. Rc8 Rxb2 27. g4
Nf4+ 28. Kh2 Rdd2 29. c5+ Kd7 30. Rh8 Rxf2+ 31. Rxf2 Rxf2+ 32. Kg3 Nd3 33. Rxh7
Bf6 34. Bc4 Rd2 35. h4 b5 36. Bxf7 Nxc5 37. g5 Be7 38. Rxg7 Rxa2 39. Bxa2 Nxe4+
40. Kf3 Nd2+ 41. Ke2 Ne4 42. g6 Nf6 43. Rf7 Ng8 44. h5 Kd6 45. Rf3 Nh6 46. Ra3
Bf8 47. Rxa6+ Kc5 48. Ra8 Bg7 49. Ra7 Nf5 50. Rf7 Ng3+ 51. Kf3 Nxh5 52. Rf5 b4
53. Rxh5 Kd4 54. Rh7 e4+ 55. Ke2 Bf8 56. Rf7 Bh6 57. g7 Bxg7 58. Rxg7 1-0

[Event "AUTO-BEG-530"]
[Site "http://www.queenalice.com/game.php?id=1047330"]
[Date "2012.4.9"]
[Round "1"]
[White "yoda58"]
[Black "jhwickboldt"]
[Result "0-1"]
[WhiteElo "1156"]
[BlackElo "1580"]

1. d4 d5 2. Nf3 Nf6 3. e3 Nc6 4. Bd3 Bg4 5. h3 Bxf3 6. Qxf3 Nb4 7. a3 Nxd3+ 8.
cxd3 e6 9. Nc3 Qd7 10. O-O c6 11. e4 Bd6 12. Re1 Bc7 13. e5 Ng8 14. Qg4 g6 15.
Na4 Nh6 16. Bxh6 f5 17. Qh4 Qf7 18. Nc5 Bd8 19. Bg5 Ba5 20. b4 Bc7 21. Nxb7 h6
22. Bxh6 Qh7 23. Qf6 Qxh6 24. Qxe6+ Kf8 25. Qxc6 Bb6 26. Qxd5 Qf4 27. g3 Qxd4
28. Qxd4 Bxd4 29. Rac1 Rb8 30. Rc7 Bb6 31. Rd7 Rc8 32. Nd6 Rc3 33. Nb5 Rc2 34.
h4 Bxf2+ 35. Kf1 Bxe1 36. Kxe1 Rc1+ 37. Kd2 Rg1 38. d4 a6 39. Nc7 Rxg3 40. e6
Rg2+ 41. Kc3 Re2 42. Rf7+ Kg8 43. d5 Rh7 44. Rxh7 Kxh7 45. d6 Re1 46. d7 Rd1 47.
Nxa6 f4 48. Nc5 Kg7 49. e7 Rxd7 50. e8=Q Rf7 51. Ne6+ Kf6 52. Nxf4 Rc7+ 53. Kb3
Re7 54. Qc6+ Kf5 55. Nxg6 Re6 0-1

[Event "AUTO-BEG-530"]
[Site "http://www.queenalice.com/game.php?id=1047337"]
[Date "2012.4.9"]
[Round "1"]
[White "yoda58"]
[Black "djoko"]
[Result "0-1"]
[WhiteElo "1099"]
[BlackElo "1423"]

1. d4 d5 2. Nf3 Nf6 3. e3 Bf5 4. Nbd2 e6 5. b3 Nbd7 6. c4 Bb4 7. Be2 Be4 8. O-O
Bc3 9. Rb1 Qe7 10. Bb2 Bxb1 11. Nxb1 Bxb2 12. Qc2 Bxd4 13. Nxd4 h5 14. cxd5 exd5
15. Qxc7 Rb8 16. Nf5 Qf8 17. Nd6+ Ke7 18. Nxb7 Rc8 19. Qa5 Rc2 20. Bd1 Rc1 21.
Nc3 Qc8 22. a3 Qxb7 23. Bf3 Rxf1+ 24. Kxf1 Rc8 25. e4 dxe4 26. Nxe4 Rc1+ 27. Ke2
Qxb3 0-1

[Event "AUTO-BEG-530"]
[Site "http://www.queenalice.com/game.php?id=1047338"]
[Date "2012.4.9"]
[Round "1"]
[White "djoko"]
[Black "yoda58"]
[Result "0-1"]
[WhiteElo "1532"]
[BlackElo "1119"]

1. e4 e5 2. Nf3 Nf6 3. d4 d6 4. Nc3 Be6 5. d5 Bg4 6. h3 Bh5 7. Bb5+ c6 8. dxc6
bxc6 9. Ba4 Be7 10. Bg5 Nbd7 11. Bxc6 Rc8 12. Bb5 Rc5 13. Qd3 O-O 14. Bxf6 Nxf6
15. O-O Bg6 16. Qe2 a5 17. Ba4 Qb8 18. Bb3 Qb7 19. Rad1 Nxe4 20. Nxe4 Bxe4 21.
Bxf7+ Rxf7 22. Ne1 d5 23. f3 Bf5 24. Nd3 Bxd3 25. cxd3 Bf6 26. Rc1 Rfc7 27. Rxc5
Rxc5 28. Qd2 a4 29. Rc1 Qc7 30. Rxc5 Qxc5+ 31. Kh1 h6 32. b3 Bg5 33. Qe1 Qc2 34.
b4 Qxd3 35. Kg1 Qe3+ 36. Qxe3 Bxe3+ 37. Kf1 Kf7 38. Ke2 Bb6 39. Kd2 Ke7 40. a3
Kd7 41. Ke2 g6 42. Kd3 Kd6 43. Ke2 Bd4 44. Kd3 Bb2 45. b5 Kc5 46. g3 Kxb5 47.
Ke3 d4+ 0-1

[Event "AUTO-BEG-532"]
[Site "http://www.queenalice.com/game.php?id=1049902"]
[Date "2012.4.17"]
[Round "1"]
[White "DeomoNNio"]
[Black "yoda58"]
[Result "1-0"]
[WhiteElo "1284"]
[BlackElo "1131"]

1. e4 e5 2. Nf3 Nf6 3. d4 Bd6 4. dxe5 Bb4+ 5. c3 Nxe4 6. cxb4 Nc6 7. Bd3 Nxf2 8.
Kxf2 O-O 9. Bxh7+ Kxh7 10. Ng5+ Kg8 11. Qh5 Re8 12. Qh7+ Kf8 13. Qh8+ Ke7 14.
Qxg7 Rf8 15. Nh7 Ke6 16. Nxf8+ Kd5 17. Nc3+ Kc4 18. Qg4+ Nd4 19. Be3 Qxf8 20.
Qxd4# 1-0

[Event "AUTO-BEG-532"]
[Site "http://www.queenalice.com/game.php?id=1049903"]
[Date "2012.4.17"]
[Round "1"]
[White "yoda58"]
[Black "DeomoNNio"]
[Result "0-1"]
[WhiteElo "1141"]
[BlackElo "1320"]

1. d4 Nf6 2. Nf3 d5 3. e3 Bg4 4. c3 Nbd7 5. Nbd2 e6 6. Bd3 Bd6 7. e4 dxe4 8.
Nxe4 Nxe4 9. Bxe4 c6 10. Bg5 Qb6 11. Qd3 f5 12. Qe3 fxe4 13. Qxe4 Bf5 14. Qe2
O-O 15. O-O Qc7 16. Rfe1 Rae8 17. Qc4 Nb6 18. Qb3 Bf4 19. g3 Bxg5 20. Nxg5 Nd5
21. c4 Qe7 22. cxd5 Qxg5 23. Qxb7 cxd5 24. Qxa7 Qg4 25. Qa6 Be4 26. Qf1 Qf3 27.
Qg2 Qxg2# 0-1

[Event "AUTO-BEG-532"]
[Site "http://www.queenalice.com/game.php?id=1049914"]
[Date "2012.4.17"]
[Round "1"]
[White "Collins"]
[Black "yoda58"]
[Result "1-0"]
[WhiteElo "1150"]
[BlackElo "1126"]

1. e4 e5 2. f3 Nc6 3. c4 Bc5 4. d3 Nge7 5. b3 d6 6. a3 Nd4 7. Bb2 O-O 8. Nd2
Nec6 9. Ne2 Be6 10. Rc1 Qd7 11. b4 Bb6 12. c5 dxc5 13. bxc5 Bxc5 14. Ba1 Bxa3
15. Rb1 Nb4 16. Bb2 Nbc2+ 17. Kf2 Bb3 18. Bxa3 Nxa3 19. Nxb3 Nxb1 20. Qxb1 b6
21. Nc3 a5 22. Nd5 Qd8 23. h4 Qd7 24. Nc3 a4 25. Nd2 c5 26. Qxb6 Rfb8 27. Qxc5
Rb2 28. Qxe5 Rxd2+ 29. Ke1 Nb3 30. Qd5 Qe7 31. Qxa8+ Qf8 32. Qxa4 Qb8 33. g4 1-0

[Event "AUTO-BEG-532"]
[Site "http://www.queenalice.com/game.php?id=1049915"]
[Date "2012.4.17"]
[Round "1"]
[White "yoda58"]
[Black "Collins"]
[Result "0-1"]
[WhiteElo "1097"]
[BlackElo "1179"]

1. d4 d5 2. Nf3 c6 3. e3 f6 4. Bd3 e5 5. c3 e4 6. Be2 f5 7. Ne5 Bd6 8. Bh5+ g6
9. Be2 Nd7 10. O-O Nh6 11. Nxd7 Bxd7 12. c4 dxc4 13. Bxc4 b5 14. Bb3 Ng4 15. g3
Rf8 16. Nc3 b4 17. Ne2 a5 18. d5 cxd5 19. Bxd5 Rc8 20. Bb7 Rb8 21. Qxd6 Rxb7 22.
Nd4 Rf6 23. Qd5 h5 24. Qxb7 Bc8 25. Qb5+ Bd7 26. Qd5 Nh6 27. a3 bxa3 28. bxa3 a4
29. Rb1 Bc6 30. Qe5+ Kf8 31. Nxc6 Rxc6 32. Rb8 Rc8 0-1

[Event "AUTO-BEG-532"]
[Site "http://www.queenalice.com/game.php?id=1049920"]
[Date "2012.4.17"]
[Round "1"]
[White "EricOlejaz"]
[Black "yoda58"]
[Result "1-0"]
[WhiteElo "1080"]
[BlackElo "1084"]

1. d4 d5 2. Nf3 Nf6 3. g3 e6 4. Bg2 Bd6 5. Ng5 c5 6. Nxf7 Kxf7 7. O-O c4 8. b4
Bxb4 9. c3 Ba5 10. Ba3 b5 11. Bb4 Nc6 12. a3 Ne4 13. e3 Bxb4 14. axb4 a5 15. Nd2
e5 16. Nxe4 dxe4 17. Bxe4 Bb7 18. Qf3+ Ke7 19. Bxc6 Qc8 20. Bxb7 Rf8 21. Bxc8
Rxf3 22. Bb7 Rff8 23. Bxa8 Rxa8 24. Rxa5 Rb8 25. dxe5 Ke6 26. f4 Kf5 27. Rd1 Ke4
28. e6 Kxe3 29. e7 Re8 30. Rxb5 Rxe7 31. Re1+ Kd3 32. Rxe7 Kxc3 33. Re3+ Kd2 34.
Rc5 Kxe3 35. Rxc4 Kd3 36. b5 Kxc4 37. b6 Kc5 38. b7 Kc6 39. b8=Q Kd5 40. Qe5+
1-0

[Event "AUTO-BEG-532"]
[Site "http://www.queenalice.com/game.php?id=1049921"]
[Date "2012.4.17"]
[Round "1"]
[White "yoda58"]
[Black "EricOlejaz"]
[Result "0-1"]
[WhiteElo "1082"]
[BlackElo "1212"]

1. d4 d5 2. Nf3 c5 3. c3 Nf6 4. Nbd2 Bg4 5. e4 Nxe4 6. Nb3 Nc6 7. Nxc5 e6 8.
Nxb7 Qc7 9. Nc5 Nxc5 10. dxc5 Bxc5 11. Bg5 Ne5 12. Be2 Nxf3+ 13. Bxf3 Bxf3 14.
Qxf3 Qe5+ 15. Qe2 Qxe2+ 16. Kxe2 O-O 17. Rhc1 h6 18. Bf4 g5 19. Be5 f6 20. Bg3
e5 21. Rd1 Rfd8 22. b4 Be7 23. Rac1 a5 24. Rb1 axb4 25. Rxb4 Rxa2+ 26. Rd2 Rxd2+
27. Kxd2 Bxb4 28. cxb4 Rc8 29. Ke3 Rc4 30. b5 Rb4 31. f4 gxf4+ 32. Kf3 fxg3 33.
Kxg3 d4 34. Kf3 f5 35. g3 e4+ 36. Ke2 Rxb5 37. h4 Rb2+ 38. Kd1 e3 39. Kc1 e2 40.
Kxb2 e1=Q 41. Kc2 Qc3+ 42. Kd1 d3 0-1

[Event "AUTO-BEG-534"]
[Site "http://www.queenalice.com/game.php?id=1051384"]
[Date "2012.4.22"]
[Round "1"]
[White "Eliecer"]
[Black "yoda58"]
[Result "0-1"]
[WhiteElo "891"]
[BlackElo "1158"]

1. e4 e5 2. Qh5 Nc6 3. Bb5 Nf6 4. Qe2 Bc5 5. Qc4 a6 6. Bxc6 dxc6 7. Nf3 Be6 8.
Qe2 b6 9. Nxe5 Qd6 10. f4 O-O 11. Nc3 a5 12. Nb5 cxb5 0-1

[Event "AUTO-BEG-534"]
[Site "http://www.queenalice.com/game.php?id=1051385"]
[Date "2012.4.22"]
[Round "1"]
[White "yoda58"]
[Black "Eliecer"]
[Result "1-0"]
[WhiteElo "1152"]
[BlackElo "898"]

1. d4 e6 2. e4 Qh4 3. Nc3 Nf6 4. Nf3 Qg4 5. h3 Qh5 6. Bc4 Bb4 7. Bd2 Nc6 8. g4
Qa5 9. a3 b5 10. axb4 Qxb4 11. Ra2 bxc4 12. Ne5 Nxd4 13. Be3 1-0

[Event "AUTO-BEG-534"]
[Site "http://www.queenalice.com/game.php?id=1051398"]
[Date "2012.4.22"]
[Round "1"]
[White "yoda58"]
[Black "Fagundes"]
[Result "0-1"]
[WhiteElo "1131"]
[BlackElo "1219"]

1. d4 Nf6 2. c4 d5 3. Nc3 dxc4 4. e4 e6 5. Bxc4 Bb4 6. Ne2 Nxe4 7. O-O Nxc3 8.
bxc3 Be7 9. Bf4 O-O 10. Be5 Nc6 11. Nf4 g6 12. Qg4 Bg5 13. Rfd1 Bxf4 14. Bxf4 e5
15. Be3 Bxg4 16. Rd2 Na5 17. Bd3 exd4 18. cxd4 Bf5 19. Rad1 Bxd3 20. Rxd3 Nc4
21. Re1 Nb2 22. Rd2 Nc4 23. Rc2 b5 24. Rd2 Nxd2 25. Bxd2 Qxd4 26. Rd1 Qa4 27.
Ra1 Rad8 28. g3 Rxd2 29. Rc1 Rd1+ 30. Rxd1 Qxd1+ 31. Kg2 Qd5+ 32. Kh3 Qxa2 33.
Kg2 b4 0-1

[Event "AUTO-BEG-534"]
[Site "http://www.queenalice.com/game.php?id=1051399"]
[Date "2012.4.22"]
[Round "1"]
[White "Fagundes"]
[Black "yoda58"]
[Result "1-0"]
[WhiteElo "1348"]
[BlackElo "1174"]

1. e4 e5 2. Nf3 Nc6 3. Bb5 Nge7 4. Bxc6 dxc6 5. Nxe5 f6 6. Nf3 Be6 7. Nc3 c5 8.
O-O Nc6 9. d3 Bg4 10. Bf4 Bd6 11. Bxd6 Qxd6 12. a4 Nd4 13. a5 Nxf3+ 14. gxf3 Bh3
15. Nb5 Qd7 16. c4 Bxf1 17. Qxf1 O-O-O 18. Nxa7+ Kb8 19. Nb5 Qxd3 20. Qxd3 Rxd3
21. a6 bxa6 22. Rxa6 Rxf3 23. Ra7 Kc8 24. Ra8+ Kd7 25. Rxh8 Rb3 26. Rxh7 Rxb2
27. Rxg7+ Ke6 28. Rxc7 Ke5 29. Rxc5+ Kxe4 30. h4 Rb1+ 31. Kg2 f5 32. h5 Rd1 33.
Nc3+ Kd4 34. Nxd1 Kxc5 35. h6 Kxc4 36. h7 f4 37. h8=Q Kd3 38. Qc3+ Ke2 39. Qf3+
Ke1 40. Nb2 Kd2 41. Qd3+ Kc1 42. Qd4 1-0

[Event "AUTO-BEG-534"]
[Site "http://www.queenalice.com/game.php?id=1051400"]
[Date "2012.4.22"]
[Round "1"]
[White "yoda58"]
[Black "timelord"]
[Result "1-0"]
[WhiteElo "1130"]
[BlackElo "992"]

1. d4 d5 2. Nc3 c6 3. Nf3 Be6 4. Bf4 h6 5. e3 g5 6. Be5 Rh7 7. e4 dxe4 8. Nxe4
f6 9. Bg3 Qa5+ 10. Qd2 b6 11. Bd3 b5 12. O-O Qb6 13. Nc5 Rg7 14. Nxe6 Rf7 15.
Bg6 Nd7 16. Nc7+ 1-0

[Event "AUTO-BEG-534"]
[Site "http://www.queenalice.com/game.php?id=1051401"]
[Date "2012.4.22"]
[Round "1"]
[White "timelord"]
[Black "yoda58"]
[Result "0-1"]
[WhiteElo "975"]
[BlackElo "1119"]

1. e4 e5 2. b4 Nf6 3. d3 Bxb4+ 4. c3 Ba5 5. Na3 Nc6 6. Nc4 Bxc3+ 7. Bd2 Bxa1 8.
Qxa1 d5 9. Nxe5 d4 10. Ngf3 Be6 11. h4 Ng4 12. Bf4 O-O 13. Nxd4 Nxd4 14. f3 Nc2+
0-1

[Event "AUTO-BEG-539"]
[Site "http://www.queenalice.com/game.php?id=1056115"]
[Date "2012.5.4"]
[Round "1"]
[White "yoda58"]
[Black "freesion"]
[Result "0-1"]
[WhiteElo "1145"]
[BlackElo "1074"]

1. d4 f5 2. Nf3 d5 3. e3 e6 4. Nbd2 Nc6 5. Bd3 Nb4 6. a3 Nc6 7. b3 b6 8. Ne5 Na5
9. O-O Bb7 10. Ndf3 g5 0-1

[Event "AUTO-BEG-539"]
[Site "http://www.queenalice.com/game.php?id=1056140"]
[Date "2012.5.4"]
[Round "1"]
[White "bdpq"]
[Black "yoda58"]
[Result "1-0"]
[WhiteElo "1653"]
[BlackElo "1084"]

1. d4 d5 2. e3 Nc6 3. Bb5 Bd7 4. Nf3 e6 5. O-O Nge7 6. Nc3 g6 7. Na4 Bg7 8. Nc5
Bc8 9. Bd2 a6 10. Ba4 b5 11. Bb3 O-O 12. Bb4 Nxb4 13. a3 Nbc6 14. Ng5 h6 15. Qg4
e5 16. Qg3 Bf5 17. e4 Bxe4 18. Ngxe4 Nxd4 19. Qd3 Nef5 20. Nb7 Qb8 21. Nbc5 a5
22. Bxd5 Ra7 23. Nd7 Qd8 24. Nxf8 Qxf8 25. c3 Nb3 26. Bxb3 a4 27. Bd5 Ne7 28.
Qxb5 c6 29. Bxc6 Nxc6 30. Qxc6 Qd8 31. Nd6 Bf8 32. Rad1 Rd7 33. Qxa4 Rxd6 34.
Rxd6 Bxd6 35. Rd1 Qc7 36. Rd5 Qb6 37. b4 f5 38. Rb5 Qc6 39. Rb8+ 1-0

[Event "AUTO-BEG-539"]
[Site "http://www.queenalice.com/game.php?id=1056141"]
[Date "2012.5.4"]
[Round "1"]
[White "yoda58"]
[Black "bdpq"]
[Result "0-1"]
[WhiteElo "1119"]
[BlackElo "1448"]

1. d4 d5 2. Nf3 Bg4 3. Nbd2 Nc6 4. e3 e6 5. c3 Qd7 6. Bd3 O-O-O 7. O-O Nf6 8. b4
Bd6 9. Ba3 Ne4 10. c4 Nxd2 11. Qxd2 Bxf3 12. gxf3 e5 13. Bb2 exd4 14. a3 dxc4
15. Bxc4 Qh3 16. f4 g5 17. f3 gxf4 18. Qg2 Rhg8 19. Qg4+ Rxg4+ 20. fxg4 fxe3 21.
Rxf7 Bxh2+ 22. Kh1 Bg3+ 23. Kg1 Qh2+ 24. Kf1 e2+ 25. Bxe2 d3 26. Bxd3 Qxb2 27.
Bf5+ Kb8 28. Kg1 Qf2+ 29. Kh1 Qh2# 0-1